LEADER 01789nam 2200577 450 001 9910454031103321 005 20200520144314.0 010 $a1-4698-7491-1 035 $a(CKB)1000000000753657 035 $a(OCoLC)880453830 035 $a(CaPaEBR)ebrary10865286 035 $a(SSID)ssj0000353388 035 $a(PQKBManifestationID)11260942 035 $a(PQKBTitleCode)TC0000353388 035 $a(PQKBWorkID)10287050 035 $a(PQKB)11712793 035 $a(MiAaPQ)EBC3418724 035 $a(Au-PeEL)EBL3418724 035 $a(CaPaEBR)ebr10865286 035 $a(EXLCZ)991000000000753657 100 $a20140509h20022002 uy 0 101 0 $aeng 135 $aurcnu|||||||| 181 $ctxt 182 $cc 183 $acr 200 10$aOcular differential diagnosis /$fFrederick Hampton Roy ; Jonathan Pine, acquisition editor ; Selina M. Bush, developmental editor ; Thomas Boyce, production editor ; Christine Jenny, cover designer 205 $aSeventh edition. 210 1$aPhiladelphia, Pennsylvania :$cLippincott Williams & Wilkins,$d2002. 210 4$dİ2002 215 $a1 online resource (690 p.) 300 $aIncludes index. 311 $a0-7817-3607-2 606 $aEye$xDiseases$xDiagnosis 606 $aDiagnosis, Differential 608 $aElectronic books. 615 0$aEye$xDiseases$xDiagnosis. 615 0$aDiagnosis, Differential. 676 $a617.7/15 700 $aRoy$b Frederick Hampton$0477766 702 $aPine$b Jonathan 702 $aBush$b Selina M. 702 $aBoyce$b Thomas 702 $aJenny$b Christine 801 0$bMiAaPQ 801 1$bMiAaPQ 801 2$bMiAaPQ 906 $aBOOK 912 $a9910454031103321 996 $aOcular differential diagnosis$9241004 997 $aUNINA LEADER 01115nam a2200289 i 4500 001 991003921969707536 005 20230419131621.0 008 011205s1999 it af e ||0 | ita 020 $a8832345862$c30000 035 $ab11883133-39ule_inst 035 $aEXGIL149432$9ExL 040 $aDip.to Filol. Ling. e Lett.$bita 082 04$a016.8516 082 04$a945.21 100 1 $aCarnazzi, Giulio$0153404 245 12$aL'Ambrosiana e Parini :$bmanoscritti e documenti sulla cultura milanese del Settecento /$ca cura di Giulio Carnazzi 260 0 $a[Milano] :$bCisalpino,$c[1999] 300 $a128 p., [14] c. di tav. :$bill. ;$c22 cm 500 $aIn testa al front.: Con dotte carte 600 14$aParini, Giuseppe$xManoscritti$vEsposizioni$y1999 650 4$aMilano$xBiblioteca Ambrosiana$vCataloghi 907 $a.b11883133$b21-09-06$c07-01-03 912 $a991003921969707536 945 $aLE008 TS M II 185$g1$i2008000033187$lle008$o-$pE0.00$q-$rl$s-$t0$u0$v0$w0$x0$y.i1213949x$z07-01-03 996 $aAmbrosiana e Parini$9902632 997 $aUNISALENTO 998 $ale008$b01-01-02$cm$da$e-$fita$git$h2$i1